LIBRARY & INFORMATION CENTRE, KCAET, TAVANUR

ONLINE PUBLIC ACCESS CATALOGUE (OPAC)

Banana in india / (Record no. 2794)

MARC details
000 -LEADER
fixed length control field 00429cam a2200169ua 4500
041 ## - LANGUAGE CODE
Language code of text/sound track or separate title eng
082 ## - DEWEY DECIMAL CLASSIFICATION NUMBER
Classification number 634.772
Item number SOH/BA
100 ## - MAIN ENTRY--AUTHOR NAME
Personal name Soharah R, Gandhi MA .
245 ## - TITLE STATEMENT
Title Banana in india /
260 ## - PUBLICATION, DISTRIBUTION, ETC. (IMPRINT)
Place of publication NewDelhi :
Name of publisher Indian council of agricultural ,
Year of publication 1964.
300 ## - PHYSICAL DESCRIPTION
Number of Pages 55 ; .
942 ## - ADDED ENTRY ELEMENTS (KOHA)
Koha item type Books
Holdings
Withdrawn status Lost status Damaged status Home library Current library Date acquired Full call number Accession Number Koha item type Cost, normal purchase price
      KAUAET KAUAET 07/04/2012 634.772 6083 Books  
Withdrawn Lost and Paid For   KAUAET KAUAET 21/07/2020 634.772 SOH/BA 7843 Books 0.66
free website counter